Famous Persons - Statistics

General Stats
  • This quiz has been taken 162 times
  • The average score is 8 of 15
Answer Stats
Picture Answer % Correct
Albert Einstein
99%
Steve Jobs
88%
Napoleon Bonaparte
85%
Emmanuel Macron
74%
William Shakespeare
72%
Mao Zedong
67%
Margaret Thatcher
66%
Vladimir Lenin
63%
Kaiser Wilhelm II
41%
Thomas Edison
39%
Woodrow Wilson
36%
Leonid Brezhnev
30%
Francisco Franco
29%
Manuel Noriega
7%
Sergio Mattarella
4%
No matching quizzes found
Score Distribution
Percent of People with Each Score
Percentile by Number Answered
Your Score History
You have not taken this quiz